Spolszczone nazwy stanów USA - Statystyki

Ogólne statystyki
  • Ten quiz został rozwiązany 14 razy
  • Średni wynik to 10 z 13
Statystyki odpowiedzi
Polski Angielski % Poprawnych
Nowa Dżersja New Jersey
100%
Arkanso Arkansas
86%
Ajoła Iowa
86%
Kanzas Kansas
86%
Kentacja Kentucky
79%
Ludwicjana Louisiana
79%
Mizuria Missouri
79%
Tenesja Tennessee
79%
Łajoming Wyoming
79%
Nowy Hampszer New Hampshire
71%
Wermont Vermont
71%
Górzyna Montana
36%
Kwiecina Florida
29%
Nie znaleziono quizów pasujących do podanych kryteriów
Rozkład punktacji
Procent ludzi z każdym wynikiem
Percentyl według liczby udzielonych odpowiedzi
Twoja historia wyników
Nie rozwiązałeś tego quizu